Tổ chức công việc theo khoa học
Na minha lista:
| Autor principal: | |
|---|---|
| Formato: | Livro |
| Publicado em: |
Hà Nội
Hồng đức
2018
|
| Assuntos: | |
| Tags: |
Adicionar Tag
Sem tags, seja o primeiro a adicionar uma tag!
|
| Thư viện lưu trữ: | Trung tâm Học liệu Lê Vũ Hùng, Trường Đại học Đồng Tháp |
|---|
| LEADER | 00779aam a22002418a 4500 | ||
|---|---|---|---|
| 001 | 00044033 | ||
| 005 | 20190410080456.0 | ||
| 008 | 120502s2002 ||||||Viesd | ||
| 020 | # | # | |a 9786048944803 |c 105000 |
| 041 | 0 | # | |a Vie |
| 082 | 1 | 4 | |a 331 |b T450CH |
| 100 | 1 | # | |a Nguyễn, Hiến lê |
| 245 | 1 | 0 | |a Tổ chức công việc theo khoa học |c Nguyễn Hiến Lê |
| 260 | # | # | |a Hà Nội |b Hồng đức |c 2018 |
| 300 | # | # | |a 311 tr. |c 21 cm |
| 653 | # | # | |a Công việc |
| 653 | # | # | |a Kinh tế lao động |
| 653 | # | # | |a Lao động |
| 653 | # | # | |a Quản lý kinh tế |
| 653 | # | # | |a Tổ chức lao động |
| 852 | # | # | |j KD.0025259 |
| 910 | # | # | |d 10/4/2019 |
| 980 | # | # | |a Trung tâm Học liệu Lê Vũ Hùng, Trường Đại học Đồng Tháp |


